Quizzes
Events
Quiz Creation
Community
Videos
Private Events
Remove Ads
Sign In
Join for FREE
Feedback
Dark Mode
Quiz Categories
Sports
Geography
Music
Movies
Television
Just For Fun
Miscellaneous
History
Literature
Language
Science
Gaming
Entertainment
Religion
Holiday
For Kids
Quiz Lab
Recent
Popular Today
Quiz Kudos Today
Editor Picks
Curator Picks
Quizzes by...
Day
Popularity
Type
Ratings
Length
Year
Community
Subscriptions
Recent Discussions
Orange Saloon
Badges
Playlists
Quests
Create
Leaderboards
Showdown
Live 5
Trivia Bingo
Activity
Puzzle Library
Sporcle Events
Private Events
Virtual Trivia
Globe League
Become a Host
Pub Owners
SporcleCon
Opinionation
Our Games
Videos
Blog
Mobile Apps
Partnerships
Remove Ads and Go Orange
Feedback
Holiday
Halloween
Christmas
Holiday Songs
April Fools'
Thanksgiving
Valentine's Day
Easter
St Patrick's Day
National Holiday
Religious Holiday
Holiday
Halloween
Christmas
Holiday Songs
April Fools'
Thanksgiving
Valentine's Day
Easter
St Patrick's Day
National Holiday
Religious Holiday
Random Quiz
Search Sporcle
×
Quiz Lab
Quiz Lab
Holiday
Religious Holiday
Select answers by clicking on text or image buttons
Select answers by clicking on text or image buttons
Clickable
Best Score? Go Orange.
The Following Christmas... Lyrics Stats
Can you pick the lyrics that follow these festive titles?
By
SJAROX99
5m
27 Questions
337 Plays
337 Plays
337 Plays
Comments
Comments
Give Quiz Kudos
Give Quiz Kudos
-
- Ratings
hide this ad
Forced Order
Answers have to be entered in order
Answers have to be entered in order
Replay
Link that replays current quiz
Next Quiz
Link to next quiz in quiz playlist
You Got
0%
They Got
Avg Score
80%
Avg Friend Score
Upgrade to see
Score Distribution
Jump to the score distribution portion of the page
Score
0/27
Timer
05:00
0
Plays Today
% Correct
a partridge in a pear tree
96.1%
jingle all the way
95.8%
fa-la-la-la-la la-la-la-la
95.8%
all is calm, all is bright
95.5%
and a happy new year
95.3%
glory to the newborn king
94.7%
just like the ones I used to know
94.7%
joyful and triumphant
94.1%
no crib for a bed
93.5%
the Lord is here
91.1%
O how thy leaves so verdant
90.8%
bearing gifts, we travel afar
89.9%
was to certain poor shepherds in fields as they lay
87.2%
let nothing you dismay
84.3%
% Correct
on Christmas Day, on Christmas Day
81.3%
on the feast of Stephen
81.3%
how still we see thee lie
77.7%
in heaven the bells are ringing
75.1%
that glorious song of old
70.6%
with heart and soul and voice
65.9%
and ransom captive Israel
65.9%
wing your flight through all the earth
65%
stood a lowly cattle shed
64.7%
when they are both full grown
64.4%
all seated on the ground
62.6%
for his bed a cattle stall
59.9%
a draughty stable with an open door
39.5%
Quiz Playlist
Details
Report
Send in Message
Add To Playlist
Clickable:
Select answers by clicking on text or image buttons
Forced Order:
Answers have to be entered in order
Last Updated: Feb 16, 2017
Quiz Scoreboard
CHALLENGE
Sign Up to Join the Scoreboard
Show All
Scores
Hide
Comments
May contain spoilers
Recently Published
Popular People in 1961
by mucciniale
History
6m
1-10 Letter E Words III
by El_Dandy
Language
2m
One Thing in Common: World Cities II
by knightlancer
Geography
7m
More to Explore
Quiz From the Vault
Featured Blog Post
Where Did the Easter Bunny Come From?
hide this ad
You Might Also Like...
Tags
Christmas Quiz
Religious Holiday Quiz
Today's Top Quizzes in Holiday
Browse Holiday
hide this ad
Today's Top Quizzes in Religious Holiday
Browse Religious Holiday
Top Contributed Quizzes in Holiday
1
Easter - Did You Know?
2
Holidays Spelling Bee
3
Show What You Know: US Federal Holidays
4
The Holiday Category, A to Z
5
10 to 1: Ramadan
6
The 3rd thing you need to know: Halloween
7
Order the Chinese Zodiac Animals
8
Festive Symbols: Christmas or Hallowe'en?
9
3-per Word Ladder: Listen Up!
10
Slices of Holidays
Explore More
Trending Topics
NBA
Crossword
Disney
Kpop
Marvel
Harry Potter
Anime
Soccer
The Office
Country
Pokémon
NFL
Song
WWE
Puzzle
hide this ad
More By:
SJAROX99
Quiz
Plays
Rating
Category
Featured
Created
Disney Equations
2,511
4.50
Movies
Jan 27, 2016
Letters in Jane Austen Titles (Blitz)
977
2.00
Literature
Aug 30, 2013
Disney Princesses in Alphabetical Order
891
2.33
Movies
Mar 16, 2014
Grease is the Word
743
3.50
Movies
Feb 9, 2016
Avril Lavigne- Figure Out the Lyrics I
634
5.00
Music
Aug 31, 2016
Go to Creator's Profile
Score Distribution
Quiz Creator Spotlight
SJAROX99
Follow
Send a Message
Quizzes Created
-
Created Quiz Play Count
-
More By This Creator
Popular Quizzes Today
1
Find the US States - No Outlines Minefield
2
The Countries of the World
3
Find the Countries of Europe - No Outlines Minefield
4
Popular People in 1961
5
1-10 Letter E Words III
6
Find the US States
7
One Thing in Common: World Cities II
8
US States
More Holiday Quizzes
Christmas Entertainment Character Match
Published
Trending Quizzes
Risky Map Clicking: Least Populous States A-Z
1-10 Letter F Words
1-10 Letter G Words
One Thing in Common: United Kingdom
Risky Map Clicking: Next State Alphabetically
Recently Updated
Leaping Animals
pecheneg
Reality TV Shows (A-Z)
bhenderson79
Rickey Henderson's Hall of Fame Teammates
pecheneg
Champions League XIs: Arsenal
pecheneg
Quick Pick: Celebrities in WWE's Hall of Fame
aduchscher
A-Z Keypad Blitz II
pecheneg
Multiple Oscar Actors
pecheneg
Mystery Phrase Blitz: Oscar 'Best Actors'
pecheneg
F. Scott Fitzgerald Novels
LTH
Pick 3 Villains
ddd62291
Trending Topics
Marvel
Kpop
NBA
Anime
Harry Potter
Disney
Crossword
NFL
Country
WWE
Pokémon
The Office
Soccer
Song
Puzzle
Your Account Isn't Verified!
In order to create a playlist on Sporcle, you need to verify the email address you used during registration. Go to your
Sporcle Settings
to finish the process.
Report this User
Report this user for behavior that violates our
Community Guidelines
.
Details:
Send Report
Go to the Sporcle.com Mobile Site →
Comments